|
|
|
|
| LEADER |
00000nam2a2200000 4500 |
| 001 |
306335 |
| 005 |
20231102001902.0 |
| 035 |
|
|
|a (RuTPU)RU\TPU\book\331612
|
| 090 |
|
|
|a 306335
|
| 100 |
|
|
|a 20151006d1983 k y0rusy50 ca
|
| 101 |
0 |
|
|a rus
|
| 102 |
|
|
|a RU
|
| 105 |
|
|
|a a z 001zy
|
| 200 |
0 |
|
|a Вып. 13 : Исследования в области акустоэлектроники, акустооптики и квантовой акустики
|
| 210 |
|
|
|d 1983
|
| 215 |
|
|
|a 96 с.
|c ил.
|
| 320 |
|
|
|a Библиография в конце статей
|
| 461 |
|
1 |
|0 (RuTPU)RU\TPU\book\300875
|t Вопросы электроники СВЧ
|o межвузовский научный сборник
|f Саратовский государственный университет (СГУ)
|v Вып. 13 : Исследования в области акустоэлектроники, акустооптики и квантовой акустики
|d 1985
|
| 606 |
1 |
|
|a Электроника сверхвысоких частот
|2 stltpush
|3 (RuTPU)RU\TPU\subj\20338
|9 45447
|
| 610 |
1 |
|
|a обратные упругие волны
|
| 610 |
1 |
|
|a монокристаллы
|
| 610 |
1 |
|
|a термостабильные срезы
|
| 610 |
1 |
|
|a поверхностные акустические волны
|
| 610 |
1 |
|
|a расчет
|
| 610 |
1 |
|
|a дифракция
|
| 610 |
1 |
|
|a пьезоэлектрики
|
| 610 |
1 |
|
|a ниобат лития
|
| 610 |
1 |
|
|a фотоиндуцированные решетки
|
| 610 |
1 |
|
|a возбуждение
|
| 610 |
1 |
|
|a прием
|
| 675 |
|
|
|a 621.385.6
|v 4
|
| 801 |
|
1 |
|a RU
|b 63413507
|c 20151006
|
| 801 |
|
2 |
|a RU
|b 63413507
|c 20190524
|g RCR
|
| 942 |
|
|
|c BK
|